El cantar de cantares

Guardado en:
Bibliografiske detaljer
Hovedforfatter: León, Fray Luis de
Format: Bog
Sprog:Undetermined
Udgivet: Buenos Aires, Argentina Sopena 1942
Fag:
Tags: Tilføj Tag
Ingen Tags, Vær først til at tagge denne postø!

MARC

LEADER 00000nam a2200000Ia 4500
008 170316s9999 xx 000 0 und d
040 |a cru BVZT 
090 |a 862 L-11c 
100 |a León, Fray Luis de 
245 |a El cantar de cantares 
260 |a Buenos Aires, Argentina 
260 |b Sopena 
260 |c 1942 
300 |a 158 páginas 
650 |a LITERATURA ESPAÑOLA 
999 |c 10050  |d 10050 
942 |c 15 D  |h 862 L-11c  |2 z